000 00609nam a2200193Ia 4500
005 20250508155716.0
008 008 250505s9999 xx 000 0 eng d
037 _aDissertations
040 _aFEDL
_beng
_cFEDL
041 _aeng
_2eng
084 _a379.110 954, BHA/DI
_qFEDL
100 _aBhattacharjee Dipak Kumar
_9767286
245 0 _aInvestigation into the impact of inflation upon educational expenditure in India
260 _c1971
300 _a136p.
546 _aM. Ed. Dissertation (Delhi University
942 _cDIS
_h379.110 954, BHA/DI
999 _c1358902
_d1358902